01390nam a2200301 i 450000100060000000300090000600500170001500700030003200800410003508000110007610000360008724502000012326000370032330000520036050000440041250400400045650501780049655500280067459900270070263000340072970000310076370000290079470000430082370000400086685200390090699900170094595201260096236892ES-MaACL20251015063050.0t|030219s19711971sp bf |||| | spa d a27-2731 aBrown, Raymond, d1928-915715010aComentario bíblico "San Jerónimo" / cdirigido por Raymond E. Brown, Joseph A. Fitzmyer, Roland E. Murphy ; [traductor y supervisor de la edición española, Alfonso de la Fuente Adánez]. aMadrid : bCristiandad, c[1971] a5 v. : bmapas col., map. col. pleg. ; c24 cm. aÍndices ; Índice analítico: v. 5. aBibliografía: p. [863-864]: v. 5.8 aContiene: T. I-II ; tAntiguo Testamento, 1-2 / r[presentación, Agustín Bea, Cardenal (t. I)] - T. III-IV. -- tNuevo Testamento, 1-2 - T. V ;tEstudios sistemáticos aÍndice general: v. 1. aMapas col. en guardas. 0aBiblia-vComentarios.91192381 aFitzmyer, Joseph A.9510761 aMurphy, Roland E.9846261 aFuente Adánez, Alfonso de la.9528601 aBea, Agostino c, Cardinale.926763 aES-MaACLjE-15672-76 z- enc. tela c36892d36892 00104070aATENEOMbATENEOMcDEPO2d2008-01-17eDONl0oE-15672-76p1038797r2023-02-23 00:00:00w2023-02-23yMONOGRAFIA